Titres de films avec Clint Eastwood - Clic Quiz - Statistiques

Statistiques générales
  • Ce quiz a été pris 81 fois
  • Le résultat moyen est 22 sur 25
Statistiques - réponses
Hint Réponse % Correct
Pour une poignée de Dollars
96%
Un shérif à New-York
96%
L'homme des hautes Plaines
96%
Le bon, la brute et le Truand
96%
Quand les aigles Attaquent
94%
Million dollar Baby
94%
De l'or pour les Braves
93%
Jugé Coupable
93%
Les pleins Pouvoirs
93%
Pendez-les haut et Court
91%
Sur la route de Madison
91%
Dans la ligne de Mire
91%
Un frisson dans la Nuit
91%
L'inspecteur Harry
87%
Un monde Parfait
87%
Haut les Flingues !
84%
L'épreuve de Force
84%
Joe Kidd
84%
Le maître de Guerre
82%
Pale rider, le cavalier Solitaire
81%
Space Cowboys
78%
Josey Wales Hors-la-loi
73%
Créance de Sang
73%
Sierra Torride
67%
La dernière Cible
63%
Aucun quiz correspondant
Distribution des résultats
% des personnes avec chaque résultat
Percentile par nombre de réponses
Votre historique - résultats
Vous n’avez pas pris ce quiz